banner koha

O Brasil sem miséria (Registro n. 8685)

MARC details
000 -LÍDER
campo de controle de tamanho fixo 01809nam a2200349 a 4500
001 - NÚMERO DE CONTROLE
campo de controle BS0003625
003 - IDENTIFICADOR DO NÚMERO DE CONTROLE
campo de controle BR-BrBNA
005 - DATA E HORÁRIO DA ÚLTIMA TRANSAÇÃO
campo de controle 20231018155745.0
008 - CAMPO DE DADOS FIXOS--INFORMAÇÃO GERAL
campo de controle de tamanho fixo 230308b |||||||| |||| 00| 0 por d
040 ## - FONTE DA CATALOGAÇÃO
Instituição da catalogação original BR-BrBNA
Idioma da catalogação por
Instituição que transcreveu o registro Biblioteca Nacional de Agricultura
041 ## - CÓDIGO DE IDIOMA
Código do idioma do texto/trilha sonora ou título diferente por
072 ## - CÓDIGO DE CATEGORIA DE ASSUNTO
Código de Categoria de Assunto B52
090 ## - NÚMERO DE CHAMADA LOCAL
Número de chamada B52 BS0003625
100 1# - ENTRADA PRINCIPAL--NOME PESSOAL
Nome pessoal Campello, Tereza (org.)
100 1# - ENTRADA PRINCIPAL--NOME PESSOAL
Nome pessoal Falcão, Tiago (org.)
100 1# - ENTRADA PRINCIPAL--NOME PESSOAL
Nome pessoal Costa, Patrícia Vieira da (org.)
245 1# - TÍTULO
Título O Brasil sem miséria
250 1# - EDIÇÃO
Edição 1. ed.
260 3# - PUBLICAÇÃO, DISTRIBUIÇÃO, ETC.
Local de publicação, distribuição, etc. Brasília, DF:
Nome do editor, distribuidor, etc. Ministério do Desenvolvimento Social e Combate à Fome,
Data da publicação, distribuição, etc. 2014.
300 ## - DESCRIÇÃO FÍSICA
Extensão 848 p.
500 ## - NOTA GERAL
Nota geral Includes several bibliographies; 14 illus.; 48 tables; 51 graphs
520 3# - NOTA DE RESUMO, ETC
Resumo, etc. A publicação traz 32 artigos sobre o plano de superação da extrema pobreza que explicam como ele foi elaborado, implantado, monitorado e avaliado, além de apresentar seus resultados. O livro foi organizado em três partes. A primeira é composta de artigos elaborados pela equipe de coordenação do Plano Brasil sem Miséria, começando por dois textos que revisitam os processos de formulação do Plano e de definição da linha da extrema pobreza. A segunda contém artigos feitos por parceiros executores de ações do Plano Brasil sem Miséria. E a terceira parte tem trabalhos de parceiros que ajudaram a disseminar informações sobre o Plano Brasil sem Miséria entre os beneficiários, os governos de outros países, a academia (tanto no Brasil quanto no exterior)e a sociedade civil.
650 ## - ASSUNTO--TERMO TÓPICO
Cabeçalho tópico ou nome geográfico FOME
650 ## - ASSUNTO--TERMO TÓPICO
Cabeçalho tópico ou nome geográfico POBREZA
650 ## - ASSUNTO--TERMO TÓPICO
Cabeçalho tópico ou nome geográfico NUTRIÇÃO HUMANA
650 ## - ASSUNTO--TERMO TÓPICO
Cabeçalho tópico ou nome geográfico PROGRAMA DE NUTRIÇÃO
650 ## - ASSUNTO--TERMO TÓPICO
Cabeçalho tópico ou nome geográfico SOCIOLOGIA RURAL
650 ## - ASSUNTO--TERMO TÓPICO
Cabeçalho tópico ou nome geográfico POLÍTICA DE DESENVOLVIMENTO
650 ## - ASSUNTO--TERMO TÓPICO
Cabeçalho tópico ou nome geográfico POLÍTICAS PÚBLICAS
650 ## - ASSUNTO--TERMO TÓPICO
Cabeçalho tópico ou nome geográfico POLÍTICA SOCIAL
942 ## - ELEMENTOS DE ENTRADA ADICIONADOS (KOHA)
Tipo de material Koha Livros
Fonte da classificação ou esquema de arquivamento na estante Classificação AGRIS
Exemplares
Situação do descarte Fonte da classificação ou esquema de arquivamento na estante Situação física Não pode ser emprestado Coleção Biblioteca de origem Biblioteca atual Total de empréstimos Número de telefone completo Código de barras Data de último acesso Número do exemplar Tipo de material Koha Situação das perdas Data de aquisição Fonte de aquisição Qualificador de local codificado
  Classificação AGRIS     Acervo Cultural Biblioteca Nacional de Agricultura - Binagri Biblioteca Nacional de Agricultura - Binagri   B52 BS0003625 B52 BS0003625 12/04/2023 01 Livros   2023-04-04 Doação B52

BINAGRI

Telefone: (61)3218-2567/2388/3357/2097 - binagri@agro.gov.br

Ministério da Agricultura e Pecuária , Esplanada dos Ministérios, Bloco D, Anexo B, Brasília/DF, CEP: 70.043-900